| 000 | 01133cam a2200241 4500 | ||
|---|---|---|---|
| 001 | WB4006-05 | ||
| 008 | 040210n2004 000 0 eng u | ||
| 035 | _a(Sirsi) u125094 | ||
| 245 | _aClimate change report outlines flood risk | ||
| 260 | _c2004 | ||
| 490 |
_aScottish Executive News Release _v(SEen782/2004) 6 February 2004 (3) |
||
| 520 | _aA report "Climate change: review of levels of protection offered by flood prevention schemes", commissioned by the Scottish Executive, gives the first ever regional breakdown of the likelihood of flooding in Scotland during this century. It is the first study to give a regional perspective on the impact of climate change on Scotland's rivers and coast. Copies of the report are available to download from http://www.scotland.gov.uk/library5/environment/cc rlp-00.asp. http://www.scotland.gov.uk/pages/news/2004/02/SEen 782.aspx | ||
| 590 | _aWB | ||
| 590 | _aWB | ||
| 650 | _aSCOTLAND | ||
| 650 | _aFLOODING | ||
| 650 | _aRIVERS | ||
| 650 | _aCOASTAL DEFENCES | ||
| 650 | _aCLIMATE CHANGE | ||
| 650 | _aFLOOD PREVENTION | ||
| 690 |
_aENVIRONMENT _96238 |
||
| 942 | _n0 | ||
| 999 |
_c117006 _d117006 |
||